Statistics for Basic Japanese Phrases

Click here to take the quiz!

General Stats

  • This quiz has been taken 373 times
  • The average score is 12 of 18

Answer Stats

EigoNihongoMoji% Correct
Good morningC. Ohayō gozaimasu.C
93%
GoodbyeE. Sumimasen.M
93%
Good afternoon (hello)A. Ikaga desu ka.G
92%
Good eveningB. IeiN
87%
Good nightD. Māmā desu.K
84%
Thank youK. OyasuminasaiO
76%
YesR. Anmari Yoku arimasen.I
73%
Excuse meO. Arigatō gozaimasu.P or E
68%
NoQ. Soredewa, nochihodo.B
66%
I'm sorryN. KonbanwaE or P
65%
How's it going?G. KonnichiwaA
64%
HiF. Umaku itte imasu.J
63%
PleaseP. SumimasenL
63%
So-soJ. YāD
57%
You're welcomeM. SayōnaraH
55%
BadlyH. Iei, dō itashimashite.R
51%
Quite wellI. HaiF
44%
See you laterL. Onegai shimasu.Q
41%

Score Distribution

Percentile by Number Answered

Percent of People with Each Score

Your Score History

You have not taken this quiz